000 00333nam a2200157Ia 4500
003 OSt
005 20231120052101.0
008 170524s9999 xx 000 0 und d
020 _a81-207-1956-5
040 _cIIMT
100 _aKhanna -Sangeeta
245 0 _aMithai
260 _bInterling Pub
260 _c2000
942 _2ddc
_c02
999 _c6512
_d6512